Grass Type Pokemon Abilities - Statistics

General Stats
  • This quiz has been taken 54 times
    5 since last reset
  • The average score is 76 of 88
Answer Stats
Gen Ability % Correct
4 Anticipation
100%
7 Beast Boost
100%
6 Bulletproof
100%
3 Chlorophyll
100%
5 Contrary
100%
9 Defiant
100%
4 Dry Skin
100%
3 Early Bird
100%
3 Effect Spore
100%
9 Embody Aspect
100%
4 Flower Gift
100%
6 Frisk
100%
6 Grass Pelt
100%
7 Grassy Surge
100%
5 Harvest
100%
8 Hustle
100%
5 Infiltrator
100%
6 Insomnia
100%
5 Iron Barbs
100%
5 Justified
100%
9 Klutz
100%
4 Leaf Guard
100%
4 Levitate
100%
9 Mega Sol
100%
9 Mold Breaker
100%
9 Moody
100%
4 Multitype
100%
3 Natural Cure
100%
7 Oblivious
100%
5 Overcoat
100%
3 Overgrow
100%
5 Own Tempo
100%
4 Poison Heal
100%
3 Poison Point
100%
5 Prankster
100%
9 Protean
100%
9 Protosynthesis
100%
9 Quark Drive
100%
5 Regenerator
100%
7 RKS System
100%
5 Run Away
100%
5 Sap Sipper
100%
9 Seed Sower
100%
4 Serene Grace
100%
5 Shell Armor
100%
4 Solar Power
100%
9 Spicy Spray
100%
9 Sticky Hold
100%
5 Storm Drain
100%
3 Suction Cups
100%
5 Swarm
100%
7 Sweet Veil
100%
3 Swift Swim
100%
9 Tablets of Ruin
100%
5 Technician
100%
7 Telepathy
100%
6 Thick Fat
100%
8 Unnerve
100%
9 Wind Rider
100%
8 Cotton Down
67%
5 Damp
67%
5 Gluttony
67%
9 Heatproof
67%
9 Hospitality
67%
7 Illuminate
67%
6 Lightning Rod
67%
7 Long Reach
67%
9 Mycelium Might
67%
5 Pickpocket
67%
6 Pickup
67%
7 Queenly Majesty
67%
3 Rain Dish
67%
8 Ripen
67%
3 Sand Veil
67%
5 Soundproof
67%
8 Static
67%
7 Steelworker
67%
5 Stench
67%
9 Sturdy
67%
9 Supersweet Syrup
67%
5 Unburden
67%
5 Water Absorb
67%
8 Aftermath
33%
5 Healer
33%
9 Innards Out
33%
5 Quick Feet
33%
9 Scrappy
33%
4 Snow Warning
33%
No matching quizzes found
Score Distribution
Percent of People with Each Score
Percentile by Number Answered
Your Score History
You have not taken this quiz since the last reset